Ekstraklasa - kluby piłkarskie (Polish Football Clubs) - 2015/16 - Statystyki

Ogólne statystyki
  • Ten quiz został rozwiązany 3 121 razy
  • Średni wynik to 13 z 16
Statystyki odpowiedzi
Hint Odpowiedź % Poprawnych
8 Legia Warszawa
100%
6 Lech Poznań
99%
15 Wisła Kraków
96%
7 Lechia Gdańsk
92%
1 Cracovia
85%
11 Pogoń Szczecin
84%
4 Jagiellonia Białsytok
82%
14 Śląsk Wrocław
82%
16 Zagłębie Lubin
82%
9 Piast Gliwice
74%
12 Ruch Chorzów
74%
5 Korona Kielce
72%
3 Górnik Zabrze
70%
10 Podbeskidzie Bielsko-Biała
56%
13 Termalica Nieciecza
55%
2 Górnik Łęczna
52%
Nie znaleziono quizów pasujących do podanych kryteriów
Rozkład punktacji
Procent ludzi z każdym wynikiem
Percentyl według liczby udzielonych odpowiedzi
Twoja historia wyników
Nie rozwiązałeś tego quizu